| Registos Bibliográficos associados ao registo de autoridade |
|
Etiqueta de registo: 00254nam 2200025 450 001 2276793 003 http://id.bnportugal.gov.pt/bib/catbnp/2276793 100 ## $a20260305d2025 k y0pory01030103ba 101 0# $aeng$dpor 102 ## $aPT 105 ## $aa m 000yy 106 ## $ar 200 1# $aLearning from biosignals$e a deep neural approach to advannced signal processing$fMariana de Avelino Geraldo Dias$gadviser Hugo Filipe Silveira Gamboa 210 #9 $aLisboa$c[s.n.],$d2025 215 ## $aXVI, 144 p.$cil.$d30 cm 328 #1 $aTese dout. Biomedical Engineering, NOVA School of Science and Technology, Universidade
NOVA de Lisboa, 2025 675 ## $a60(043)$vBN$zpor$31376044 700 #1 $aDias,$bMariana de Avelino Geraldo $31989422 702 #1 $aGamboa,$bHugo Filipe Silveira$4727$31402189 801 #0 $aPT$bBN$gRPC 966 ## $lBN$mFGMON$sS.A. 193535 V.$x1 971 ## $cssilva$d20260305 973 ## $cigoulao$d20260410
|
|
|